Advanced technology optical telescopes II (Record no. 8251)

MARC details
000 -LEADER
fixed length control field 00576nam a2200181Ia 4500
003 - CONTROL NUMBER IDENTIFIER
control field IN-BaIIA
008 - FIXED-LENGTH DATA ELEMENTS--GENERAL INFORMATION
fixed length control field 211028s9999 xx 000 0 eng d
020 ## - INTERNATIONAL STANDARD BOOK NUMBER
International Standard Book Number 0-89252-379-4
040 ## - CATALOGING SOURCE
Transcribing agency IIA Library
080 ## - UNIVERSAL DECIMAL CLASSIFICATION NUMBER
Universal Decimal Classification number 535(082.1)
Item number SPI-444
245 #0 - TITLE STATEMENT
Title Advanced technology optical telescopes II
Statement of responsibility, etc. edited by Larry D. Barr and Brian Mack,
260 ## - PUBLICATION, DISTRIBUTION, ETC.
Place of publication, distribution, etc. Washington
Name of publisher, distributor, etc. Society of Photo-Optical Instrumentation Engineers
Date of publication, distribution, etc. 1984
300 ## - PHYSICAL DESCRIPTION
Extent vi, 326p.
650 ## - SUBJECT ADDED ENTRY--TOPICAL TERM
Topical term or geographic name entry element Optical telescopes
9 (RLIN) 3706
700 ## - ADDED ENTRY--PERSONAL NAME
Personal name Barr, Larry D., ed.
9 (RLIN) 13839
700 ## - ADDED ENTRY--PERSONAL NAME
Personal name Mack, Brian., ed.
9 (RLIN) 13840
942 ## - ADDED ENTRY ELEMENTS (KOHA)
Koha item type Books
Holdings
Withdrawn status Lost status Damaged status Not for loan Home library Current library Shelving location Date acquired Total Checkouts Full call number Barcode Date last seen Price effective from Koha item type
        IIA Library-Bangalore IIA Library-Bangalore General Stacks 06/05/1985   535(082.1)/ SPI-444 9095 05/11/2021 06/05/1985 Books

Powered by Koha